<?xml version="1.0" encoding="UTF-8"?>
<collection xmlns="http://www.loc.gov/MARC21/slim">
 <record>
  <leader>01724naa a2200253 i 4500</leader>
  <controlfield tag="001">acta69949</controlfield>
  <controlfield tag="005">20220201083253.0</controlfield>
  <controlfield tag="008">200902s2001    hu      o     0||   hun d</controlfield>
  <datafield tag="020" ind1=" " ind2=" ">
   <subfield code="a">963 482 402 1</subfield>
  </datafield>
  <datafield tag="022" ind1=" " ind2=" ">
   <subfield code="a">1419-1288</subfield>
  </datafield>
  <datafield tag="040" ind1=" " ind2=" ">
   <subfield code="a">SZTE Egyetemi Kiadványok Repozitórium</subfield>
   <subfield code="b">hun</subfield>
  </datafield>
  <datafield tag="041" ind1=" " ind2=" ">
   <subfield code="a">hun</subfield>
  </datafield>
  <datafield tag="041" ind1=" " ind2=" ">
   <subfield code="a">eng</subfield>
  </datafield>
  <datafield tag="100" ind1="1" ind2=" ">
   <subfield code="a">Landgraf Ildikó</subfield>
  </datafield>
  <datafield tag="245" ind1="1" ind2="0">
   <subfield code="a">Erzsébet, a magyarok királynéja </subfield>
   <subfield code="h">[elektronikus dokumentum] :</subfield>
   <subfield code="b">második Szent Erzsébet /</subfield>
   <subfield code="c"> Landgraf Ildikó</subfield>
  </datafield>
  <datafield tag="260" ind1=" " ind2=" ">
   <subfield code="c">2001</subfield>
  </datafield>
  <datafield tag="300" ind1=" " ind2=" ">
   <subfield code="a">109-127</subfield>
  </datafield>
  <datafield tag="490" ind1="0" ind2=" ">
   <subfield code="a">Szegedi vallási néprajzi könyvtár</subfield>
   <subfield code="v">8</subfield>
  </datafield>
  <datafield tag="490" ind1="0" ind2=" ">
   <subfield code="a">A szenttisztelet történeti rétegei és formái Magyarországon és Közép-Európában : a magyar szentek tisztelete</subfield>
   <subfield code="v">8</subfield>
  </datafield>
  <datafield tag="520" ind1="3" ind2=" ">
   <subfield code="a">The essay examines the reasons of her popularity among the Hungarian people and her image in the 19th century popular literature (Elizabeth 1837-1898; Austrian empress, Hungarian queen). In the second part of the 19th century a great many books were published about Elizabeth honouring her name-day, birthday, wedding anniversaries and other official occasions. However, most of these books were only published in commemoration after her death. In them Elizabeth is often portrayed as a second Saint Elizabeth, being compared to Saint Elizabeth of the House of Árpád (1207-1231). Many similarities in the details of their lives are commented upon. This resemblance between the two queens is also found in folklore.</subfield>
  </datafield>
  <datafield tag="650" ind1=" " ind2="4">
   <subfield code="a">Bölcsészettudományok</subfield>
  </datafield>
  <datafield tag="650" ind1=" " ind2="4">
   <subfield code="a">Történettudomány és régészet</subfield>
  </datafield>
  <datafield tag="695" ind1=" " ind2=" ">
   <subfield code="a">Magyarország története - 19. sz., Erzsébet - Magyarország : királyné - 1837-1898</subfield>
  </datafield>
  <datafield tag="856" ind1="4" ind2="0">
   <subfield code="u">http://acta.bibl.u-szeged.hu/69949/1/szegedi_vallasi_008_109-127.pdf</subfield>
   <subfield code="z">Dokumentum-elérés </subfield>
  </datafield>
 </record>
</collection>
